000 00481nam a2200181Ia 4500
005 20250326123759.0
008 250326s9999 xx 000 0 und d
037 _aTextbook
040 _aFMSL
_beng
_cFMSL
041 _aeng
_2eng
084 _aS K7;K9;1
_qFMSL
100 _aMunn N L
245 0 _aIntroducation to psychology
_cMunn N L
260 _aNew Delhi
_bNew Delhi, Oxford
_c1969
300 _a588p
942 _cTB
_hS K7;K9;1
999 _c1270928
_d1270928